1181 1608 1513 1241 1945 1299 1831 1882 1249 1620 1180 1025 1913 1874 1360 1744 1947 1312 1705 1160 1222 1540 1625 1127 1727 1407 1131 1696 1039 1625 1305 1941 1720 1711 1806 1074 1331 1082 1035 1830 1956 1670 1670 1130 1936 1109 1123 1493 1304 1269 1075 1138 1958 1362 1429 1756 1429 1471 1792 1809 1356 1969 1970 1323 1666 1383 1935 1148 1742 1886 1703 1556 1066 1231 1628 1586 1959 1464 1017 1202 1378 1425 1106 1205 1083 1019 1732 1918 1602 1657 1188 1214 1798 1076 1464 1499 1864 1155 1497 BCNSPRNW ULIB Ver.6.0+V

เปลี่ยนเป็นภาษาไทย

Change to English
 แสดงรายละเอียดบรรณานุกรม
  กลับหน้าหลัก

Brief Record : Get Marc (ISO 2709) : E-mail record : QR code < ปิดหน้าต่าง
LEADER : 00000nam 2200000uu 4500
001    13399111901
003     ULIB
008    110711s2549||||th 000 0 tha d
050  4 DS586^bส181ส 2550
110 1  สถาบันพระบรมราชชนก
245 10 สูจิบัตรพิธีพระราชทานทุนการศึกษาจากกองทุนพระเจ้าหลานเธอ พระองค์เจ้าทีปังกรรัศมีโชติ ในโครงการสายใยรักแห่งครอบครัว /^cสถาบันพระบรมราชชนก
260    นนทบุรี :^bสถาบันพระบรมราชชนก,^c2549
300    99 หน้า :^bภาพประกอบ
650  7 ทุนพระราชทาน-สูจิบัตร
945    ^p0^l0^i021948
945    ^p0^l0^i021949
945    ^p0^l0^i021950
945    ^p0^l0^i021951
995    ทศพร
999 ^a ใช้งานได้ทุกระบบ
รายการนี้ยังไม่มีแท็ก
คุณยังไม่ได้ล็อกอิน คุณสามารถมีกิจกรรมร่วมกับเว็บไซต์ได้ แต่ต้องล็อกอินก่อน ::
  ล็อกอิน

รายการสื่อสารสนเทศ

ลำดับที่ ประเภท เลขเรียก/บาร์โค้ด สถานที่ สถานะ
- ไม่พบข้อมูล -

BibComment


ยังไม่เคยถูกคอมเมนท์

คอมเมนท์ทรัพยากรรายการนี้
  คอมเมนท์: สูจิบัตรพิธีพระรา..


 Copyright 2026. Bcnsprnw @Library